000 00412 a2200169 4500
020 _a817808449X
024 _a9788178084497
082 _a623.893
090 _c1772
_d1772
100 _aNeil Storey
245 _aElectronics Asystem Approach
_cNeil Storey
250 _a2nd
260 _aSingapore
_bAddison Wesley Longman
_c1998
300 _a672
500 _apaper cover
942 _aNBS
_cBK
_k623.893 STO
999 _c344286
_d344286